|
|
|
|
| LEADER |
00000nbm0a2200000 4500 |
| 001 |
71245 |
| 005 |
20231031082438.0 |
| 035 |
|
|
|a (RuTPU)RU\TPU\book\75851
|
| 090 |
|
|
|a 71245
|
| 100 |
|
|
|a 20041211d1981 k y0rusy50 ca
|
| 101 |
0 |
|
|a rus
|
| 102 |
|
|
|a RU
|
| 105 |
|
|
|a a m 001zy
|
| 200 |
1 |
|
|a Исследование процесса активного упругого спиралеобразования гибкого кабеля
|e диссертация на соискание ученой степени кандидата технических наук
|e Спец. 01.02.04.
|f Б. В. Соханёв
|g Томский политехнический институт; науч. рук.: В. М. Мусалимов, Г. А. Дощинский
|
| 210 |
|
|
|a Томск
|c [Б. и.]
|d 1981
|
| 215 |
|
|
|a 170 л.
|c ил.
|
| 320 |
|
|
|a Библиогр.: с. 156-170 (174 назв.)
|
| 610 |
1 |
|
|a механика
|
| 610 |
1 |
|
|a твердые тела
|
| 610 |
1 |
|
|a деформация
|
| 610 |
1 |
|
|a деформирование
|
| 610 |
1 |
|
|a исследование
|
| 610 |
1 |
|
|a спирали
|
| 610 |
1 |
|
|a кабели
|
| 610 |
1 |
|
|a усилия
|
| 610 |
1 |
|
|a посадки
|
| 610 |
1 |
|
|a технические характеристики
|
| 610 |
1 |
|
|a диссертации
|
| 675 |
|
|
|a 621.315.2.027(048)
|v 3
|
| 686 |
|
|
|a 01.02.04.
|2 oksvnk
|
| 700 |
|
1 |
|a Соханёв
|b Б. В.
|g Борис Васильевич
|
| 702 |
|
1 |
|a Мусалимов
|b В. М.
|4 727
|
| 702 |
|
1 |
|a Дощинский
|b Г. А.
|4 727
|
| 712 |
0 |
2 |
|a Томский политехнический институт
|2 stltpush
|3 (RuTPU)RU\TPU\col\1123
|
| 801 |
|
1 |
|a RU
|b 63413507
|c 20041211
|g PSBO
|
| 801 |
|
2 |
|a RU
|b 63413507
|c 20090424
|g PSBO
|
| 942 |
|
|
|c BK
|